000 00826pam a2200289 a 4500
001 75245
003 BD-RjUL
005 20211209082650.0
008 830531s1984 nyua 001 0 eng
020 _a0471862770 (pbk.)
035 _a(BD-RjUL)75463
040 _aDLC
_cDLC
_dDLC
_beng
041 _aeng
082 0 0 _a599.95
_223
_bNEG 1980
100 1 _aNelson, Gideon E.
_9227823
245 1 0 _aBiological principles with human perspectives /
_cGideon E. Nelson.
250 _a2nd ed.
260 _aNew York :
_bJohn Wiley,
_cc1984.
300 _axi, 426 p. :
_bill. ;
_c24 cm.
500 _aIncludes indexes.
650 0 _a Human biology.
_9227824
650 0 _abiology.
_9227825
906 _a7
_bcbc
_corignew
_d1
_eocip
_f19
_gy-gencatlg
942 _2ddc
_cBK
999 _c75245
_d75245